[Event "American op 54th"]
[Site "Costa Mesa"]
[Date "2018.11.24"]
[Round "6"]
[White "Mahajan, Rushaan"]
[Black "Peters, Jack"]
[Result "0-1"]
[WhiteElo "1999"]
[BlackElo "2335"]
[PlyCount "70"]
[EventDate "2018.11.22"]
[EventType "swiss"]
[EventRounds "8"]
[EventCountry "USA"]
[SourceTitle "CBM 188 Extra"]
[Source "ChessBase"]
[SourceDate "2019.02.26"]
[SourceVersion "1"]
[SourceVersionDate "2019.02.26"]
[SourceQuality "1"]

1. d4 Nf6 2. Nf3 g6 3. Bf4 Bg7 4. e3 d6 5. Be2 Nh5 6. Bg5 h6 7. Bh4 g5 8. Nfd2 Nf6 9. Bg3 c5 10. c3 Nc6 11. dxc5 dxc5 12. e4 Be6 13. Na3 Nd7 14. Ndc4 a6 15. Ne3 b5 16. Nd5 Nde5 17. Nc2 f5 18. f3 f4 19. Bf2 Nd7 20. 0-0 Bf7 21. a4 bxa4 22. Rxa4 e6 23. Rxa6 Rxa6 24. Bxa6 exd5 25. exd5 Nce5 26. Bb5 0-0 27. c4 Qb8 28. b4 cxb4 29. Nxb4 Nxc4 30. Bxc4 Qxb4 31. Bd3 Bxd5 32. Be4 Bxe4 33. Qxd7 Bg6 34. Qc6 Kh7 35. Bc5 Qc3 0-1

[Event "American op 54th"]
[Site "Costa Mesa"]
[Date "2018.11.22"]
[Round "2"]
[White "Yang, Kevin S"]
[Black "Peters, Jack"]
[Result "1/2-1/2"]
[WhiteElo "2135"]
[BlackElo "2335"]
[PlyCount "114"]
[EventDate "2018.11.22"]
[EventType "swiss"]
[EventRounds "8"]
[EventCountry "USA"]
[SourceTitle "CBM 188 Extra"]
[Source "ChessBase"]
[SourceDate "2019.02.26"]
[SourceVersion "1"]
[SourceVersionDate "2019.02.26"]
[SourceQuality "1"]

1. Nf3 c5 2. c4 Nf6 3. g3 d5 4. cxd5 Nxd5 5. Bg2 Nc6 6. Nc3 Nc7 7. a3 g6 8. h4 h6 9. d3 Bg7 10. Be3 Ne6 11. Rb1 Ned4 12. Ne4 Qa5+ 13. Bd2 Qb5 14. b4 cxb4 15. axb4 Bg4 16. Nc3 Qh5 17. Nxd4 Bxd4 18. Qa4 Qe5 19. f4 Qe6 20. Bd5 Qd6 21. Nb5 Qd7 22. Bxc6 Qxc6 23. Nc7+ Kd7 24. Qxc6+ Kxc6 25. Nxa8 Rxa8 26. e3 Bb6 27. b5+ Kd7 28. Kf2 Bf5 29. Rb3 Be6 30. Rb2 Bf5 31. Bb4 Ke8 32. Rd2 Rd8 33. h5 Rd5 34. hxg6 Bxg6 35. Rxh6 Rxb5 36. Bc3 Rb3 37. Rh8+ Kd7 38. Bd4 Bxd4 39. exd4 Bxd3 40. Rf8 f5 41. d5 Be4 42. Rg8 Rb5 43. Rg5 a5 44. g4 a4 45. Ra2 Rb4 46. gxf5 b5 47. d6 Kxd6 48. Rd2+ Kc6 49. Rg6+ Kc5 50. Re6 a3 51. Rxe7 Bxf5 52. Re5+ Kc4 53. Rxf5 Rb2 54. Rfd5 a2 55. Rxb2 a1Q 56. Rdxb5 Qa7+ 57. Kf3 Qa8+ 1/2-1/2

[Event "American op 53rd"]
[Site "Costa Mesa"]
[Date "2017.11.24"]
[Round "3"]
[White "Peters, Jack"]
[Black "Yang, Kevin S"]
[Result "1-0"]
[WhiteElo "2344"]
[BlackElo "2099"]
[PlyCount "65"]
[EventDate "2017.11.23"]
[EventType "swiss"]
[EventRounds "8"]
[EventCountry "USA"]
[SourceTitle "EXT 2019"]
[Source "ChessBase"]
[SourceDate "2018.10.10"]
[SourceVersion "1"]
[SourceVersionDate "2018.10.10"]
[SourceQuality "1"]

1. e4 c6 2. d4 d5 3. Nc3 dxe4 4. Nxe4 Nd7 5. Bd3 Ngf6 6. Ng5 e6 7. N1f3 Bd6 8. Qe2 h6 9. Ne4 Nxe4 10. Qxe4 Nf6 11. Qh4 Ke7 12. Nd2 g5 13. Qh3 e5 14. Qe3 Nd5 15. Qf3 exd4 16. 0-0 Be6 17. Nb3 Qb6 18. Re1 Rad8 19. c3 dxc3 20. bxc3 Nf4 21. Bxf4 Bxf4 22. Nd4 Rxd4 23. cxd4 Qxd4 24. Bf5 Rd8 25. Rab1 Rd7 26. Bxe6 fxe6 27. Red1 Qc4 28. Rxd7+ Kxd7 29. g3 Be5 30. Rxb7+ Kd6 31. Qf8+ Kd5 32. Rd7+ Ke4 33. Qxh6 1-0

[Event "American op 53rd"]
[Site "Costa Mesa"]
[Date "2017.11.23"]
[Round "2"]
[White "Pan, Kevin"]
[Black "Peters, Jack"]
[Result "1/2-1/2"]
[WhiteElo "2007"]
[BlackElo "2344"]
[PlyCount "75"]
[EventDate "2017.11.23"]
[EventType "swiss"]
[EventRounds "8"]
[EventCountry "USA"]
[SourceTitle "EXT 2019"]
[Source "ChessBase"]
[SourceDate "2018.10.10"]
[SourceVersion "1"]
[SourceVersionDate "2018.10.10"]
[SourceQuality "1"]

1. e4 c6 2. d4 d5 3. Nc3 dxe4 4. Nxe4 Nf6 5. Nxf6+ gxf6 6. Nf3 Bf5 7. Bf4 e6 8. Bd3 Bxd3 9. Qxd3 Qa5+ 10. Bd2 Qc7 11. 0-0-0 Nd7 12. Kb1 0-0-0 13. Qb3 c5 14. Be3 Nb6 15. c4 Qc6 16. Rd3 Qa4 17. dxc5 Rxd3 18. Qxd3 Qxc4 19. Qa3 a6 20. Rc1 Qe4+ 21. Ka1 Nd5 22. Nd2 Qxg2 23. Nc4 Be7 24. Nd6+ Kb8 25. c6 Rc8 26. Qb3 Rc7 27. Nxb7 Kc8 28. Bb6 Qg5 29. Be3 Qg4 30. a3 Qe2 31. Bb6 Nxb6 32. Qxb6 Qb5 33. Rg1 Qxc6 34. Rg8+ Kd7 35. Qd4+ Qd5 36. Qa4+ Qc6 37. Qd4+ Qd5 38. Qa4+ 1/2-1/2

[Event "Southern California-ch 29th"]
[Site "Whittier"]
[Date "2017.07.09"]
[Round "6"]
[White "Kavutskiy, Konstantin"]
[Black "Peters, Jack"]
[Result "0-1"]
[WhiteElo "2390"]
[BlackElo "2346"]
[PlyCount "106"]
[EventDate "2017.07.06"]
[EventType "tourn"]
[EventRounds "7"]
[EventCountry "USA"]
[EventCategory "2"]
[SourceTitle "EXT 2018"]
[Source "ChessBase"]
[SourceDate "2017.10.13"]
[SourceVersion "1"]
[SourceVersionDate "2017.10.13"]
[SourceQuality "1"]

1. d4 Nf6 2. c4 e6 3. Nf3 b6 4. g3 Bb7 5. Bg2 Be7 6. 0-0 0-0 7. Re1 c5 8. d5 exd5 9. Nh4 Ne4 10. cxd5 Bxh4 11. Bxe4 Bf6 12. Nc3 d6 13. Qc2 h6 14. Bg2 Nd7 15. f4 Re8 16. b3 Bd4+ 17. e3 Nf6 18. Bd2 Bxc3 19. Bxc3 Nxd5 20. Qd2 Nxc3 21. Bxb7 Rb8 22. Bc6 Ne4 23. Qd3 Qe7 24. a4 Qe6 25. Rad1 Re7 26. Bxe4 Qxe4 27. Qxe4 Rxe4 28. Rxd6 c4 29. bxc4 Rxc4 30. Rd4 Rxd4 31. exd4 Kf8 32. Rc1 Rb7 33. Kf2 Ke7 34. Ke3 Kd6 35. Rc8 Rc7 36. Rd8+ Rd7 37. Ra8 Kc6 38. Kd3 Kb7 39. Rg8 f6 40. Ke4 a5 41. g4 b5 42. axb5 a4 43. Kd3 a3 44. Re8 a2 45. Re1 Kb6 46. Ra1 Ra7 47. Ke4 Kxb5 48. Kf5 Kc4 49. d5 Kxd5 50. Kg6 Kc4 51. Rxa2 Rxa2 52. Kxg7 Rxh2 53. Kxf6 Rf2 0-1

[Event "Memorial Day Classic"]
[Site "Ontario"]
[Date "2017.05.29"]
[Round "6"]
[White "Hilby, Craig"]
[Black "Peters, Jack"]
[Result "1/2-1/2"]
[WhiteElo "2380"]
[BlackElo "2346"]
[PlyCount "77"]
[EventDate "2017.05.27"]
[EventType "swiss"]
[EventRounds "6"]
[EventCountry "USA"]
[SourceTitle "CBM 178 Extra"]
[Source "ChessBase"]
[SourceDate "2017.06.22"]
[SourceVersion "1"]
[SourceVersionDate "2017.06.22"]
[SourceQuality "1"]

1. d4 Nf6 2. Bg5 d5 3. Bxf6 exf6 4. e3 c6 5. Ne2 Bd6 6. g3 h5 7. h4 Bg4 8. Bg2 Nd7 9. Qd3 Qb6 10. b3 g6 11. Nd2 0-0 12. 0-0 Rfe8 13. c4 Bxe2 14. Qxe2 Qxd4 15. Rfd1 Qb6 16. cxd5 c5 17. Bh3 f5 18. Bxf5 gxf5 19. Nc4 Qc7 20. Qxh5 b5 21. Nxd6 Qxd6 22. Qxf5 Nf6 23. a4 Re5 24. Qf4 b4 25. Rac1 Rd8 26. Rxc5 Rh5 27. Rc8 Kg7 28. Rxd8 Qxd8 29. e4 Qe7 30. f3 Nd7 31. Qg4+ Kh6 32. d6 Qf6 33. Rd5 Rxd5 34. exd5 Qxd6 35. Qg5+ Kh7 36. Qh5+ Kg7 37. Qg5+ Kh7 38. Qh5+ Kg7 39. Qg5+ 1/2-1/2

[Event "Irvine Orange Pumpkin op"]
[Site "Irvine"]
[Date "2016.10.29"]
[Round "3"]
[White "Lin, Andy"]
[Black "Peters, Jack"]
[Result "1-0"]
[WhiteElo "2005"]
[BlackElo "2346"]
[PlyCount "113"]
[EventDate "2016.10.28"]
[EventType "swiss"]
[EventRounds "6"]
[EventCountry "USA"]
[SourceTitle "EXT 2018"]
[Source "ChessBase"]
[SourceDate "2017.10.13"]
[SourceVersion "1"]
[SourceVersionDate "2017.10.13"]
[SourceQuality "1"]

1. Nf3 c5 2. g3 d5 3. Bg2 Nc6 4. d4 e6 5. 0-0 Nf6 6. c4 dxc4 7. Qa4 Bd7 8. Qxc4 b5 9. Qd3 c4 10. Qd1 Rc8 11. b3 cxb3 12. axb3 Qb6 13. Bb2 Be7 14. Ne5 0-0 15. Nxd7 Nxd7 16. e3 Nb4 17. Nc3 e5 18. dxe5 Nxe5 19. Nd5 Nxd5 20. Qxd5 Rfd8 21. Bd4 Rxd5 22. Bxb6 Rd2 23. Rxa7 Bf6 24. Bd4 Ng4 25. Bxf6 gxf6 26. h3 Ne5 27. Rb7 Rc5 28. b4 Rc4 29. Rxb5 Rb2 30. Bd5 Rcxb4 31. Rxb4 Rxb4 32. f4 Nd7 33. Rf2 Nb6 34. Bf3 Nc4 35. Re2 Rb1+ 36. Kf2 Rb2 37. Bd5 Rxe2+ 38. Kxe2 Nd6 39. Kf3 Kg7 40. e4 Nc8 41. Ke3 Kf8 42. Kd4 Ke7 43. h4 Nd6 44. g4 h6 45. h5 Nb5+ 46. Kc4 Na3+ 47. Kd3 Nb5 48. Bc4 Na7 49. Kd4 Nc6+ 50. Kc5 Nd8 51. Bd5 Ne6+ 52. Bxe6 Kxe6 53. Kc6 Ke7 54. Kc7 Ke8 55. Kd6 Kf8 56. Kd7 Kg8 57. Ke8 1-0

[Event "Pacific Southwest op"]
[Site "Irvine"]
[Date "2016.07.04"]
[Round "5"]
[White "Abrahamyan, Tatev"]
[Black "Peters, Jack"]
[Result "1/2-1/2"]
[WhiteElo "2373"]
[BlackElo "2342"]
[PlyCount "111"]
[EventDate "2016.07.02"]
[EventType "swiss"]
[EventRounds "6"]
[EventCountry "USA"]
[SourceTitle "CBM 173 Extra"]
[Source "ChessBase"]
[SourceDate "2016.08.29"]
[SourceVersion "1"]
[SourceVersionDate "2016.08.29"]
[SourceQuality "1"]

1. e4 c5 2. Nf3 e6 3. d4 cxd4 4. Nxd4 a6 5. Nc3 Qc7 6. Bd3 Nc6 7. Nxc6 dxc6 8. 0-0 Nf6 9. f4 e5 10. f5 b5 11. Be3 Bb7 12. a4 b4 13. Nb1 Nd7 14. Nd2 Bc5 15. Bxc5 Nxc5 16. Bc4 0-0-0 17. Qe2 a5 18. c3 Qb6 19. Kh1 bxc3 20. bxc3 Qb2 21. Ra2 Qxc3 22. Nf3 f6 23. Rb1 Rd7 24. Rc2 Qa3 25. Be6 Nxe6 26. fxe6 Rc7 27. Nd2 Rd8 28. Nc4 Qd3 29. Qxd3 Rxd3 30. Nxa5 Kd8 31. h3 Bc8 32. Nxc6+ Ke8 33. a5 Bb7 34. Rxb7 Rxb7 35. a6 Rc7 36. Ra2 Rxc6 37. a7 Rc8 38. a8Q Rxa8 39. Rxa8+ Ke7 40. Ra7+ Kxe6 41. Rxg7 h5 42. Rh7 Re3 43. Rxh5 Rxe4 44. Kg1 Rf4 45. Rh8 Kf5 46. Ra8 Rb4 47. Ra6 Rb2 48. g4+ Kg5 49. h4+ Kxg4 50. Rxf6 e4 51. Kf1 Rh2 52. Rf8 Kg3 53. Ke1 Rxh4 54. Ke2 Rf4 55. Rxf4 Kxf4 56. Kf2 1/2-1/2

[Event "Memorial Day Classic"]
[Site "Ontario"]
[Date "2016.05.29"]
[Round "4"]
[White "Peters, Jack"]
[Black "Hayes, Matthew"]
[Result "1-0"]
[WhiteElo "2342"]
[BlackElo "2150"]
[PlyCount "75"]
[EventDate "2016.05.28"]
[EventType "swiss"]
[EventRounds "6"]
[EventCountry "USA"]
[SourceTitle "CBM 172 Extra"]
[Source "ChessBase"]
[SourceDate "2016.06.21"]
[SourceVersion "1"]
[SourceVersionDate "2016.06.21"]
[SourceQuality "1"]

1. e4 c5 2. Nf3 g6 3. d4 cxd4 4. Nxd4 Nc6 5. c4 Bg7 6. Nc2 Nf6 7. Nc3 0-0 8. Be2 d6 9. Bg5 Qa5 10. Bd2 Qd8 11. 0-0 a6 12. Re1 Bd7 13. Rb1 Rc8 14. h3 Ne5 15. b3 Bc6 16. f4 Ned7 17. Bf3 Ne8 18. Kh1 b5 19. cxb5 Bxb5 20. Nxb5 axb5 21. Nb4 Nc5 22. Qe2 Qd7 23. Rbc1 Nc7 24. Be3 N7a6 25. Nd5 Rb8 26. b4 Na4 27. Rc6 e6 28. Rxa6 exd5 29. exd5 Rfe8 30. Qf2 Bc3 31. Bd2 Bg7 32. Rc6 Nb2 33. Rxe8+ Rxe8 34. Be2 Qf5 35. Bxb5 Qxd5 36. a4 Bd4 37. Qf3 Qa2 38. Rxd6 1-0

[Event "American op 51st"]
[Site "Orange"]
[Date "2015.11.28"]
[Round "6"]
[White "Peters, Jack"]
[Black "Taghizadeh, Rayan"]
[Result "1-0"]
[WhiteElo "2366"]
[BlackElo "2240"]
[PlyCount "123"]
[EventDate "2015.11.26"]
[EventType "swiss"]
[EventRounds "8"]
[EventCountry "USA"]
[SourceTitle "EXT 2017"]
[Source "ChessBase"]
[SourceDate "2016.10.25"]
[SourceVersion "1"]
[SourceVersionDate "2016.10.25"]
[SourceQuality "1"]

1. e4 e5 2. Nf3 Nc6 3. Bb5 a6 4. Ba4 Nf6 5. 0-0 Be7 6. Re1 b5 7. Bb3 0-0 8. a4 b4 9. d3 d6 10. Nbd2 Na5 11. Ba2 c5 12. c3 Nc6 13. Nc4 h6 14. d4 exd4 15. cxd4 Bg4 16. dxc5 dxc5 17. Qxd8 Raxd8 18. Nce5 Nxe5 19. Nxe5 Be6 20. Bxe6 fxe6 21. Be3 Rc8 22. Rac1 Kh7 23. f3 Rfd8 24. Nc4 Nd7 25. Red1 Nb8 26. Kf2 Nc6 27. Ke2 Nd4+ 28. Bxd4 cxd4 29. Kd3 Bg5 30. Rc2 b3 31. Rf2 Rb8 32. f4 Be7 33. f5 exf5 34. Rxf5 Rb4 35. Ra5 Rc8 36. Ne5 Bg5 37. Rxa6 Rc2 38. h4 Bxh4 39. Rd2 Rxd2+ 40. Kxd2 Bf6 41. Nc6 Rc4 42. Kd3 Rc2 43. Rb6 Rxb2 44. a5 Rxg2 45. e5 Bh4 46. a6 Ra2 47. a7 Ra3 48. Rb8 b2+ 49. Kc2 d3+ 50. Kxb2 d2 51. Kc2 Be1 52. a8Q Rc3+ 53. Kxc3 d1Q+ 54. Kc4 Qe2+ 55. Kd5 Qg2+ 56. Kc5 Bf2+ 57. Kd6 Qg6+ 58. Kd7 Qf5+ 59. Kc7 Qf7+ 60. Kc8 Qe6+ 61. Kb7 Qb3+ 62. Ka6 1-0

[Event "American op 51st"]
[Site "Orange"]
[Date "2015.11.27"]
[Round "4"]
[White "Peters, Jack"]
[Black "Heredia, Carla"]
[Result "1-0"]
[WhiteElo "2366"]
[BlackElo "1960"]
[PlyCount "49"]
[EventDate "2015.11.26"]
[EventType "swiss"]
[EventRounds "8"]
[EventCountry "USA"]
[SourceTitle "EXT 2017"]
[Source "ChessBase"]
[SourceDate "2016.10.25"]
[SourceVersion "1"]
[SourceVersionDate "2016.10.25"]
[SourceQuality "1"]

1. e4 c6 2. c4 d5 3. cxd5 cxd5 4. exd5 Nf6 5. Nc3 Nxd5 6. Bc4 Nxc3 7. Qf3 e6 8. dxc3 Bd6 9. Qg4 0-0 10. Bg5 Be7 11. Rd1 Nd7 12. Bh6 Bf6 13. Nf3 Qb6 14. Rd2 e5 15. Be3 Qc7 16. Be2 Nc5 17. Qh5 Ne4 18. Rd1 g6 19. Qh6 Bg7 20. Qh4 f5 21. Ng5 Bf6 22. Bc4+ Kh8 23. Qh6 Qe7 24. Nxh7 Bg7 25. Nxf8+ 1-0

[Event "Southern California-ch 27th"]
[Site "Beverly Hills"]
[Date "2015.07.12"]
[Round "7"]
[White "Abrahamyan, Tatev"]
[Black "Peters, Jack"]
[Result "1-0"]
[WhiteElo "2279"]
[BlackElo "2366"]
[PlyCount "101"]
[EventDate "2015.07.09"]
[EventType "tourn"]
[EventRounds "7"]
[EventCountry "USA"]
[EventCategory "4"]
[SourceTitle "CBM 167 Extra"]
[Source "ChessBase"]
[SourceDate "2015.09.14"]
[SourceVersion "1"]
[SourceVersionDate "2015.09.14"]
[SourceQuality "1"]

1. e4 c5 2. Nf3 Nc6 3. d4 cxd4 4. Nxd4 Nf6 5. Nc3 d6 6. Bg5 e6 7. Qd2 a6 8. 0-0-0 Bd7 9. f3 Be7 10. h4 b5 11. Nxc6 Bxc6 12. Kb1 Qc7 13. g4 h6 14. Be3 b4 15. Ne2 d5 16. e5 Nd7 17. Nd4 Nxe5 18. Bf4 Bd7 19. Bxe5 Qxe5 20. f4 Qd6 21. Bd3 h5 22. g5 g6 23. Rhe1 0-0 24. Qe3 Rfe8 25. Nf3 Bb5 26. Ne5 Bxd3 27. cxd3 Rac8 28. d4 a5 29. Qd3 Bf8 30. Nxg6 fxg6 31. Qxg6+ Bg7 32. f5 Qc7 33. f6 Qf7 34. Qd3 Rf8 35. Rf1 Qc7 36. Rc1 Qd7 37. Rxc8 Qxc8 38. Qg6 Qd7 39. Qxh5 Bxf6 40. gxf6 Qh7+ 41. Qxh7+ Kxh7 42. f7 Kg7 43. Kc2 a4 44. Kd3 Kg6 45. Ke3 Kh5 46. Rf4 Kg6 47. Kf3 Kh5 48. Rf6 Kxh4 49. Kf4 Kh5 50. Ke5 Kg5 51. Kxe6 1-0

[Event "Western Pacific op"]
[Site "Irvine"]
[Date "2015.04.26"]
[Round "5"]
[White "Peters, Jack"]
[Black "Sheng, Joshua"]
[Result "0-1"]
[WhiteElo "2365"]
[BlackElo "2200"]
[PlyCount "68"]
[EventDate "2015.04.24"]
[EventType "swiss"]
[EventRounds "5"]
[EventCountry "USA"]
[SourceTitle "EXT 2018"]
[Source "ChessBase"]
[SourceDate "2017.10.13"]
[SourceVersion "1"]
[SourceVersionDate "2017.10.13"]
[SourceQuality "1"]

1. e4 c5 2. Nf3 e6 3. d4 cxd4 4. Nxd4 a6 5. Bd3 Bc5 6. Nb3 Be7 7. Qg4 g6 8. Nc3 d6 9. Qe2 Nd7 10. Be3 b6 11. f4 Ngf6 12. g4 Bb7 13. g5 Nh5 14. Rg1 0-0 15. f5 Re8 16. f6 Bf8 17. 0-0-0 b5 18. Qf2 Qc7 19. Ne2 Nc5 20. Qh4 Rac8 21. Nxc5 dxc5 22. Ng3 c4 23. Be2 c3 24. b3 Bc5 25. Rd3 Bxe3+ 26. Rxe3 Qc5 27. Nf1 Red8 28. Bd3 Rxd3 29. b4 Qxb4 30. Rxd3 Bxe4 31. Rd7 Qb2+ 32. Kd1 Qxc2+ 33. Ke1 Bf3 34. Qd4 Qe2# 0-1

[Event "USA-chT Amateur West"]
[Site "Irvine"]
[Date "2015.02.15"]
[Round "4"]
[White "Peters, Jack"]
[Black "Wheeler, Cameron"]
[Result "1/2-1/2"]
[WhiteElo "2355"]
[BlackElo "2290"]
[PlyCount "91"]
[EventDate "2015.02.14"]
[EventType "team-swiss"]
[EventRounds "6"]
[EventCountry "USA"]
[SourceTitle "EXT 2018"]
[Source "ChessBase"]
[SourceDate "2017.10.13"]
[SourceVersion "1"]
[SourceVersionDate "2017.10.13"]
[SourceQuality "1"]

1. e4 e6 2. d4 d5 3. Nd2 Nf6 4. e5 Nfd7 5. f4 c5 6. Ndf3 cxd4 7. Nxd4 Nc6 8. Ngf3 Nxd4 9. Nxd4 Bc5 10. c3 0-0 11. Be3 Qe7 12. Qd2 f6 13. Nf3 a5 14. Bd4 b6 15. Bd3 Ba6 16. exf6 Nxf6 17. Bxa6 Rxa6 18. Qe2 Raa8 19. 0-0 Ne4 20. g3 Rf5 21. Kg2 Raf8 22. Rae1 Bxd4 23. Nxd4 R5f6 24. Qb5 Qf7 25. Nf3 Rh6 26. Qe2 Qg6 27. Ne5 Qe8 28. Ng4 Rg6 29. Ne5 Rh6 30. h4 Rhf6 31. Ng4 Rf5 32. Nf2 Nxf2 33. Qxf2 e5 34. Qxb6 Qf7 35. Qd6 exf4 36. Rxf4 Rxf4 37. Qxf4 Qb7 38. Qd2 d4+ 39. Kh2 d3 40. Qxd3 Qxb2+ 41. Re2 Rf2+ 42. Rxf2 Qxf2+ 43. Kh3 Qxa2 44. Qd8+ Kf7 45. Qd7+ Kf8 46. Qd8+ 1/2-1/2

[Event "USA-chT Amateur West"]
[Site "Irvine"]
[Date "2015.02.14"]
[Round "1"]
[White "Stallings, Jay S"]
[Black "Peters, Jack"]
[Result "0-1"]
[WhiteElo "2092"]
[BlackElo "2355"]
[PlyCount "60"]
[EventDate "2015.02.14"]
[EventType "team-swiss"]
[EventRounds "6"]
[EventCountry "USA"]
[SourceTitle "EXT 2018"]
[Source "ChessBase"]
[SourceDate "2017.10.13"]
[SourceVersion "1"]
[SourceVersionDate "2017.10.13"]
[SourceQuality "1"]

1. e4 c5 2. Nc3 e6 3. f4 a6 4. Nf3 Nc6 5. d3 d5 6. g3 g6 7. Bg2 Bg7 8. 0-0 Nge7 9. Qe2 0-0 10. Nd1 b5 11. Qf2 d4 12. g4 f5 13. exf5 exf5 14. g5 Ra7 15. c3 Rc7 16. a4 dxc3 17. axb5 axb5 18. bxc3 Nd5 19. Ne5 Nxe5 20. fxe5 Bxe5 21. Re1 Qd6 22. Rxe5 Qxe5 23. Ra5 Re8 24. d4 cxd4 25. Rxb5 Qe1+ 26. Qxe1 Rxe1+ 27. Kf2 Nxc3 28. Nxc3 Rxc1 29. Nd5 R7c2+ 30. Kf3 Kg7 0-1

[Event "American op 50th"]
[Site "Orange"]
[Date "2014.11.30"]
[Round "8"]
[White "Peters, Jack"]
[Black "Gareyev, Timur"]
[Result "0-1"]
[WhiteElo "2356"]
[BlackElo "2621"]
[PlyCount "102"]
[EventDate "2014.11.27"]
[EventType "swiss"]
[EventRounds "8"]
[EventCountry "USA"]
[SourceTitle "CBM 163 Extra"]
[Source "ChessBase"]
[SourceDate "2014.12.23"]
[SourceVersion "1"]
[SourceVersionDate "2014.12.23"]
[SourceQuality "1"]

1. e4 c5 2. Nf3 Nc6 3. Bb5 g6 4. Bxc6 bxc6 5. 0-0 Bg7 6. Re1 Nh6 7. c3 d6 8. d4 cxd4 9. cxd4 f6 10. Nc3 0-0 11. d5 c5 12. h3 Rb8 13. Bd2 Nf7 14. b3 f5 15. Rc1 Rb4 16. exf5 Bxf5 17. Ne2 Re4 18. Ng3 Rxe1+ 19. Bxe1 Ne5 20. Ng5 Bc8 21. Qe2 h6 22. N5e4 Qb6 23. Bc3 Qa6 24. Qxa6 Bxa6 25. Re1 Nd3 26. Bxg7 Kxg7 27. Re3 Nb4 28. Nc3 Rf7 29. Re4 Bb7 30. Nge2 g5 31. h4 Nxd5 32. Nxd5 Bxd5 33. Ra4 gxh4 34. Rxa7 Kf6 35. f3 e5 36. Ra6 Ke6 37. Kh2 e4 38. fxe4 Bxe4 39. Nc3 Bb7 40. Ra4 Rg7 41. Rxh4 Rxg2+ 42. Kh3 Rd2 43. Rxh6+ Ke5 44. Na4 Be4 45. Kg3 Rg2+ 46. Kh3 Rxa2 47. Nc3 Bf5+ 48. Kg3 Rb2 49. Nd1 Rxb3+ 50. Kf2 d5 51. Ne3 Be4 0-1

[Event "Pacific Southwest op 54th"]
[Site "Los Angeles"]
[Date "2014.07.06"]
[Round "5"]
[White "Stein, Jeremy A"]
[Black "Peters, Jack"]
[Result "0-1"]
[WhiteElo "2107"]
[BlackElo "2360"]
[PlyCount "136"]
[EventDate "2014.07.04"]
[EventType "swiss"]
[EventRounds "6"]
[EventCountry "USA"]
[SourceTitle "CBM 161 Extra"]
[Source "ChessBase"]
[SourceDate "2014.08.29"]
[SourceVersion "1"]
[SourceVersionDate "2014.08.29"]
[SourceQuality "1"]

1. d4 Nf6 2. c4 c5 3. d5 b5 4. cxb5 a6 5. bxa6 g6 6. g3 Bg7 7. Bg2 d6 8. Nf3 Qa5+ 9. Bd2 Qxa6 10. Bc3 0-0 11. 0-0 Nbd7 12. Ne1 Nb6 13. b3 Bf5 14. a4 Be4 15. Bxe4 Nxe4 16. Bxg7 Kxg7 17. Qc2 Nf6 18. e4 e6 19. dxe6 fxe6 20. e5 Ng4 21. exd6 Qxf1+ 22. Kxf1 Ne3+ 23. Ke2 Nxc2 24. Nxc2 c4 25. Nd4 Kf6 26. Nc3 cxb3 27. Nxb3 Rfc8 28. Kd3 Ke5 29. a5 Nd5 30. Nb5 Nb4+ 31. Kd2 Rc2+ 32. Ke3 Rb2 33. N3d4 Nc2+ 34. Nxc2 Rb3+ 35. Ke2 Rxb5 36. a6 Kxd6 37. Nd4 Rb6 38. a7 Kc7 39. Ra5 Kb7 40. Nb5 Rc6 41. Nd4 Rd6 42. Ke3 Rd5 43. Ra4 Rxa7 44. Rxa7+ Kxa7 45. Ke4 Kb6 46. Nxe6 Rd6 47. Ng5 h6 48. Ke5 Rd2 49. Ne4 Re2 50. h4 Kc6 51. f3 Re3 52. Kf4 Ra3 53. g4 Kd5 54. Nf6+ Ke6 55. Ne4 Ra1 56. Nc5+ Kd5 57. Nd3 Kd4 58. Nf2 Ra8 59. Nh3 Rf8+ 60. Kg3 Ke3 61. Ng1 Rf7 62. Kg2 Ra7 63. Kg3 Ra1 64. Nh3 Rf1 65. f4 Rf3+ 66. Kg2 Rxh3 67. Kxh3 Kxf4 68. g5 h5 0-1

[Event "Pacific Southwest op 54th"]
[Site "Los Angeles"]
[Date "2014.07.05"]
[Round "4"]
[White "Peters, Jack"]
[Black "Kim, Willis A"]
[Result "1-0"]
[WhiteElo "2360"]
[BlackElo "1924"]
[PlyCount "115"]
[EventDate "2014.07.04"]
[EventType "swiss"]
[EventRounds "6"]
[EventCountry "USA"]
[SourceTitle "CBM 161 Extra"]
[Source "ChessBase"]
[SourceDate "2014.08.29"]
[SourceVersion "1"]
[SourceVersionDate "2014.08.29"]
[SourceQuality "1"]

1. e4 c5 2. Nf3 d6 3. d4 cxd4 4. Nxd4 Nf6 5. Nc3 g6 6. Be3 Bg7 7. f3 0-0 8. Qd2 Nc6 9. Bc4 Bd7 10. 0-0-0 Na5 11. Bb3 Rb8 12. h4 b5 13. h5 Nc4 14. Bxc4 bxc4 15. hxg6 fxg6 16. Bh6 Bxh6 17. Qxh6 e5 18. Nde2 Be6 19. Qd2 Rb6 20. Na4 Rc6 21. Nec3 Qa5 22. Qg5 Ra6 23. Rh6 Rf7 24. Rdh1 Qc7 25. Qh4 Kf8 26. b3 cxb3 27. axb3 Rc6 28. Kb2 Ke8 29. Rd1 Ng8 30. Nb5 Qb8 31. Nxd6+ Rxd6 32. Rxd6 Qxd6 33. Rxh7 Qd4+ 34. Nc3 Rxh7 35. Qxh7 Ne7 36. Qh8+ Kf7 37. f4 Nc6 38. f5 gxf5 39. Qh7+ Kf6 40. Qh6+ Ke7 41. exf5 Bd5 42. f6+ Ke6 43. Qg7 e4 44. Qg8+ Kxf6 45. Qxd5 Qxd5 46. Nxd5+ Kf5 47. Kc3 Kg4 48. b4 Kg3 49. b5 Na5 50. Kd4 Kxg2 51. Kxe4 Kg3 52. Ne7 Nc4 53. Kd4 Nb6 54. Nc6 Nc8 55. Kc5 Kf4 56. Nxa7 Nxa7 57. b6 Nc8 58. b7 1-0

[Event "Pacific Southwest op 54th"]
[Site "Los Angeles"]
[Date "2014.07.05"]
[Round "3"]
[White "Wang, Annie"]
[Black "Peters, Jack"]
[Result "1/2-1/2"]
[WhiteElo "1903"]
[BlackElo "2360"]
[PlyCount "63"]
[EventDate "2014.07.04"]
[EventType "swiss"]
[EventRounds "6"]
[EventCountry "USA"]
[SourceTitle "CBM 161 Extra"]
[Source "ChessBase"]
[SourceDate "2014.08.29"]
[SourceVersion "1"]
[SourceVersionDate "2014.08.29"]
[SourceQuality "1"]

1. d4 Nf6 2. c4 e6 3. Nc3 Bb4 4. Qc2 0-0 5. a3 Bxc3+ 6. Qxc3 d6 7. Bg5 Nbd7 8. e3 b6 9. Ne2 Bb7 10. Qc2 e5 11. d5 h6 12. Bh4 a5 13. Nc3 Nc5 14. Be2 a4 15. 0-0 Bc8 16. f4 exf4 17. exf4 Nb3 18. Rad1 Bd7 19. Bd3 Nc5 20. Bf5 Bxf5 21. Qxf5 Qd7 22. Qxd7 Nfxd7 23. Nb5 Na6 24. Bf2 Rfe8 25. Rfe1 Nf6 26. Bd4 Nd7 27. Kf2 Kf8 28. Kf3 Rac8 29. Na7 Ra8 30. Nb5 Rac8 31. Na7 Ra8 32. Nb5 1/2-1/2